000
00240nam a22001217a 4500
003
SGT
082
_b
SWA
100
_a
SWADESH
245
_a
SWADESH
_b
SUDHARSHAN SMRITI
260
_a
BHOPAL
_b
SWADESH
_c
2015
300
_a
652
942
_2
ddc
_c
BK
999
_c
29256
_d
29256